Limited Options: Geography Quiz Stats

 Plays Quiz Updated May 20, 2019

Score 0/20 Timer 05:00
10 Plays Today
Requirement Answer % Correct
(6) US State starting with 'Ne-'...Nevada
85.9%
(7) '-stan' ending country ...Afghanistan
81.2%
(13) Country with over 100M people ...Indonesia
75.1%
(5) US Great Lake ...Michigan
73.1%
(10) US city with over 1M people ...San Antonio
70.4%
(13) Canadian province or territory ...Nunavut
68.9%
(12) South American country ...Suriname
65.9%
(12) Asian landlocked country ...Armenia
63.5%
(9) Saharan country ...Mali
60%
(5) Country name with a cardinal direction ...South Sudan
58.5%
Requirement Answer % Correct
(13) North American island country ...Bahamas
49.9%
(9) Danube river country ...Serbia
48.3%
(7) African equator country ...Gabon
47.4%
(4) Main Japanese island ...Hokkaido
44.5%
(14) British overseas territory ...Bermuda
44%
(10) World capital starting with 'Sa-'...Sarajevo
39.9%
(4) US State capital named after a President ...Jefferson City
39.5%
(8) World capital ending in 'Y' ...Conakry
26.6%
(8) River (>1,000mi) flowing into Indian Ocean ...Zambezi
24%
(14) Oceanian capital ...Majuro
22.9%

You're not logged in!

Compare scores with friends on all Sporcle quizzes.
OR
Log In

Sporcle TV

Today on Sporcle TV


Watch our educational content, quiz creation guides, and fun videos on Sporcle TV.

Show Comments

Extras

Top Quizzes Today


Score Distribution

Your Account Isn't Verified!

In order to create a playlist on Sporcle, you need to verify the email address you used during registration. Go to your Sporcle Settings to finish the process.

Report this User

Report this user for behavior that violates our Community Guidelines.

Details: